Текст томруулах:    
The drama of democracy (Бичлэгийн дугаар. 146164)
000 -УДИРДЛАГА
Удирдлага 00951nam a22003137a 4500
003 - ХЯНАЛТЫН ТОО ТОДОРХОЙЛОГЧ
Код MN-UlNUM
005 - БИЧИЛТ ХИЙСЭН ОГНОО
Тухайн бичилтийг бичсэн засварласан сүүлийн огноо 20260112153912.0
008 - ЕРӨНХИЙ МЭДЭЭЛЭЛ
Ерөнхий мэдээлэл 260112s1994 ctuab||| |||| 001 0 eng |
020 ## - ISBN
ISBN 156134236x
040 ## - БИЧЛЭГ ҮҮСГЭГЧ БАЙГУУЛЛАГА
Бичлэг үүсгэгч номын сангийн код МУИС-ийн номын сан
084 ## - ББК АНГИЛАЛ
Нэмэлт тусгалт Бусад
ББК ангилал 66.4
Зохиогчийн гурван тэмдэгт G 37
Мэдлэгийн ялгаа 66 - Улс төр
100 1# - ЗОХИОГЧ
Зохиогчийн нэр McKenna, George
245 14 - ҮНДСЭН ГАРЧИГ
Номын нэр The drama of democracy
Бага гарчгийн мэдээ American government and politics
Оролцогчдын тухай мэдээ George McKenna.
250 ## - ДАХИН ХЭВЛЭЛТ
Дахин гаралтын дугаар 2nd ed.
260 ## - ГАРАЛТЫН МЭДЭЭ
Хэвлэгдсэн газар Guilford, Conn. :
Хэвлэлийн газар Dushkin Pub. Group,
Хэвлэгдсэн он 1994.
300 ## - МАТЕРИАЛЫН ТОДОРХОЙЛОЛТ
хуудасны тоо xxiv, 718 p. :
Бусад тоон мэдээлэл ill. (some col.), col. maps ;
Хэмжээ 29 cm.
500 ## - Тайлбар
Дансны дугаар БС 4944
546 ## - ХЭЛНИЙ ТУХАЙ МЭДЭЭ
Хэл Англи хэл дээр,
653 ## - Түлхүүр үг
Түлхүүр үг united States
653 ## - Түлхүүр үг
Түлхүүр үг politics and government
740 ## - НОМЫН ГАРЧИГ
Гарчиг The American republic
740 ## - НОМЫН ГАРЧИГ
Гарчиг Rights and liberties
740 ## - НОМЫН ГАРЧИГ
Гарчиг Political institutions
740 ## - НОМЫН ГАРЧИГ
Гарчиг Political participation
740 ## - НОМЫН ГАРЧИГ
Гарчиг Domestic and foreign policies
942 ## - ЭЛЕМЕНТИЙН ТӨРӨЛ
Зүйлийн төрөл Ном